Κατάλογος Βιβλιοθηκών Mediterranean College

Μάθετε το tablet με android / Η Πρώτη Επαφή, Εφαρμογές και Λειτουργίες, Βασικές Ρυθμίσεις, Ασφάλεια και Γονικός Έλεγχος (Record no. 3075)

MARC details
000 -LEADER
fixed length control field 01142cam a22001814a 4500
005 - ΗΜΕΡΟΜΗΝΙΑ ΚΑΙ ΩΡΑ ΤΕΛΕΥΤΑΙΑΣ ΕΝΗΜΕΡΩΣΗΣ
Πεδίο ελέγχου 20250605163350.0
008 - FIXED-LENGTH DATA ELEMENTS--GENERAL INFORMATION
Πεδίο ελέγχου σταθερού μήκους 250528s ||||||||||||||||||||||||d
035 ## - SYSTEM CONTROL NUMBER
System control number 17673
020 ## - ISBN
ISBN 9786185112073
040 ## - ΠΗΓΗ ΚΑΤΑΛΟΓΟΓΡΑΦΗΣΗΣ
Φορέας πρωτότυπης καταλογογράφησης MC Athens Campus Library
Γλώσσα καταλογογράφησης Ελληνικά, Μοντέρνα (1453-)
Modifying agency MC Athens Campus Library
Κανόνες περιγραφικής καταλογογράφησης AACR2
245 1# - ΤΙΤΛΟΣ ΚΑΙ ΔΗΛΩΣΗ ΥΠΕΥΘΥΝΟΤΗΤΑΣ
Τίτλος Μάθετε το tablet με android / Η Πρώτη Επαφή, Εφαρμογές και Λειτουργίες, Βασικές Ρυθμίσεις, Ασφάλεια και Γονικός Έλεγχος
260 ## - PUBLICATION, DISTRIBUTION, ETC.
Name of publisher, distributor, etc. Digerati,
Date of publication, distribution, etc. 2014
300 ## - PHYSICAL DESCRIPTION
Extent 98
520 ## - SUMMARY, ETC.
Summary, etc. Αναλυτικά ο κόσμος ενός Android tablet¨από τις βασικές εφαρμογές μέχρι το γονικό έλεγχο και την ασφάλεια. Εισαγωγή 6, Πρώτη Εγκατάσταση 8, Βασικές Εφαρμογές και Λειτουργίες, Περιβάλλον Εργασίας και Εφαρμογές και Σύνδεση με PC, Email και Web Browsing και Φωτογραφίες, Ρυθμίσεις, Κόλπα και Συμβουλές και Γονικός Έλεγχος 88.
942 ## - ADDED ENTRY ELEMENTS (KOHA)
Koha item type Books
Holdings
Τύπος τεκμηρίου Βιβλιοθήκη Τρέχουσα τοποθεσία Barcode Αριθμός εισαγωγής Ημερομηνία απόκτησης Ταξιθετικό σύμβολο Αριθμός αντιτύπου Κατάσταση απόσυρσης Κατάσταση χαμένου Κατάσταση κατεστραμμένου Μη δανεισμός Σύνολο δανεισμών Ημερομηνία τελευταίας εμφάνισης Η τιμή ισχύει από
Books MC Athens Campus Library MC Athens Campus Library 9780000030740 6019 05/06/2025 005.1 DIG 1           05/06/2025 05/06/2025

MC Athens Campus Library
Πατησίων 94 & Κοδριγκτώνος 13, 104 34
Πελλήνης 8 & Πατησίων 107, 112 51
Τ: +30 210 8899600

MC Thessaloniki Campus Library
Ίωνος Δραγούμη 21, 54625 | Ίωνος Δραγούμη 15, 54625
Τ: +30 2310 287779 – Τ: +30 2314 440300